00454nam a2200121Ia 4500082002200000100002400022245004200046260003700088300001000125500012400135650003600259650003700295 aRR 491.2321 APT-S aApte, Vaman Shivra; 0aStudents sanskrit -english dictionary aDelhibMotilal Banarsidassc1973 a664p. aContaining appendices on sanskrit prosody and important literary and geographical names in the ancient history of India aDictionaries - English language aDictionaries - Sanskrit language